[Event "Arandjelovac op 2nd"]
[Site "Arandjelovac"]
[Date "2023.08.01"]
[Round "3"]
[White "Jevtic, Miroljub L"]
[Black "Kuruz, Yusuf"]
[Result "1/2-1/2"]
[WhiteElo "1930"]
[BlackElo "1870"]
[PlyCount "58"]
[EventDate "2023.07.31"]
[EventType "swiss"]
[EventRounds "9"]
[EventCountry "SRB"]
[SourceTitle "CBM 215 Extra"]
[Source "ChessBase"]
[SourceDate "2023.09.30"]
[SourceVersion "1"]
[SourceVersionDate "2023.09.30"]
[SourceQuality "1"]

1. d4 Nf6 2. Nf3 d5 3. Bf4 c5 4. e3 Nc6 5. c3 Qb6 6. Qb3 c4 7. Qxb6 axb6 8. Be2 Bf5 9. 0-0 e6 10. Nbd2 h6 11. h3 b5 12. a3 Nd7 13. g4 Bh7 14. g5 Bf5 15. h4 Be7 16. gxh6 gxh6 17. Kh2 Nb6 18. h5 Na4 19. Ra2 Bf6 20. Ne1 Ke7 21. f3 Bg5 22. Ng2 Rhg8 23. e4 Bh7 24. Bd1 Rg7 25. Bxa4 bxa4 26. Raa1 Rag8 27. Rg1 Kd7 28. Bxg5 hxg5 29. Ne3 Kd6 1/2-1/2

[Event "Arandjelovac op 2nd"]
[Site "Arandjelovac"]
[Date "2023.08.01"]
[Round "2"]
[White "Kuruz, Yusuf"]
[Black "Md, Imran"]
[Result "0-1"]
[WhiteElo "1870"]
[BlackElo "2197"]
[PlyCount "100"]
[EventDate "2023.07.31"]
[EventType "swiss"]
[EventRounds "9"]
[EventCountry "SRB"]
[SourceTitle "CBM 215 Extra"]
[Source "ChessBase"]
[SourceDate "2023.09.30"]
[SourceVersion "1"]
[SourceVersionDate "2023.09.30"]
[SourceQuality "1"]

1. d4 Nf6 2. Bf4 g6 3. Nc3 d5 4. e3 Bg7 5. Nb5 Na6 6. Nc3 0-0 7. Bxa6 bxa6 8. Be5 Rb8 9. b3 Bf5 10. Nge2 Bh6 11. h3 Nd7 12. Bg3 Nb6 13. Nf4 Rc8 14. Nd3 Bxd3 15. cxd3 c5 16. dxc5 Rxc5 17. Ne2 d4 18. exd4 Rc6 19. 0-0 Qd7 20. Bf4 Bxf4 21. Nxf4 Qxd4 22. Qd2 Rd8 23. Rac1 Rxc1 24. Rxc1 e5 25. Ne2 Qxd3 26. Qxd3 Rxd3 27. Rc7 Rd1+ 28. Kh2 Rd2 29. Nc3 Rc2 30. f3 Kf8 31. Nb5 Rxc7 32. Nxc7 a5 33. Nb5 Nc8 34. Kg3 Ke7 35. Kf2 Kd7 36. Ke3 Kc6 37. Nc3 f5 38. f4 e4 39. Kd4 a6 40. g4 Kd6 41. gxf5 gxf5 42. Ne2 Ne7 43. Kc4 Nd5 44. a3 Ne3+ 45. Kc3 Kd5 46. Ng3 Ke6 47. b4 Nd5+ 48. Kc4 axb4 49. axb4 Nxf4 50. h4 e3 0-1

[Event "Arandjelovac op 2nd"]
[Site "Arandjelovac"]
[Date "2023.07.31"]
[Round "1"]
[White "Pavicevic, Jovan R"]
[Black "Kuruz, Yusuf"]
[Result "1/2-1/2"]
[WhiteElo "2208"]
[BlackElo "1870"]
[PlyCount "41"]
[EventDate "2023.07.31"]
[EventType "swiss"]
[EventRounds "9"]
[EventCountry "SRB"]
[SourceTitle "CBM 215 Extra"]
[Source "ChessBase"]
[SourceDate "2023.09.30"]
[SourceVersion "1"]
[SourceVersionDate "2023.09.30"]
[SourceQuality "1"]

1. e4 e5 2. Nf3 Nf6 3. Nc3 Nc6 4. h3 a6 5. Be2 d5 6. exd5 Nxd5 7. d3 Bb4 8. Bd2 0-0 9. 0-0 Re8 10. Nxd5 Qxd5 11. Bxb4 Nxb4 12. Nd2 Qc5 13. a3 Nd5 14. Re1 Nf4 15. Bf1 Bd7 16. Nc4 Rad8 17. Qf3 Bc6 18. Qe3 Qd5 19. Qe4 Qxe4 20. dxe4 Bb5 21. Ne3 1/2-1/2

[Event "TUR-chT 1st League"]
[Site "Konya"]
[Date "2019.07.27"]
[Round "8.11"]
[White "Kuruz, Yusuf"]
[Black "Ozturk, Yavuz"]
[Result "1-0"]
[WhiteElo "1816"]
[BlackElo "1686"]
[PlyCount "85"]
[EventDate "2019.07.22"]
[EventType "team-swiss"]
[EventRounds "9"]
[EventCountry "TUR"]
[SourceTitle "CBM 191 Extra"]
[Source "ChessBase"]
[SourceDate "2019.09.30"]
[SourceVersion "1"]
[SourceVersionDate "2019.09.30"]
[SourceQuality "1"]
[WhiteTeam "Malatya Yesilyurt"]
[BlackTeam "Kahramanmaras CC"]
[WhiteTeamCountry "TUR"]
[BlackTeamCountry "TUR"]

1. d4 Nf6 2. Nf3 g6 3. c4 Bg7 4. Nc3 0-0 5. e4 d6 6. Be2 e5 7. dxe5 dxe5 8. Qxd8 Rxd8 9. Bg5 Re8 10. 0-0-0 Nc6 11. Nd5 Nxd5 12. cxd5 Nd4 13. Nxd4 exd4 14. f3 Bd7 15. Kb1 c5 16. dxc6 Bxc6 17. Bd3 Rac8 18. Rc1 Bd7 19. Rxc8 Rxc8 20. Rc1 Rc6 21. Bf4 Be6 22. b3 Kf8 23. Rxc6 bxc6 24. Ba6 Ke8 25. Bb8 Bf8 26. Bxa7 c5 27. Bb5+ Bd7 28. Bxd7+ Kxd7 29. Kc2 Kc6 30. b4 c4 31. Bxd4 Bxb4 32. Bc3 Bd6 33. h3 Kb5 34. Kb2 Bc5 35. Kc2 Ba7 36. Bb2 Bb6 37. Bc1 Bc5 38. Bd2 Bb4 39. Be3 Ba3 40. Bc1 Be7 41. Bb2 Bh4 42. Be5 Be1 43. Bd6 1-0

[Event "TUR-chT 1st League"]
[Site "Konya"]
[Date "2019.07.23"]
[Round "3.3"]
[White "Eminov, Orkhan"]
[Black "Kuruz, Yusuf"]
[Result "1/2-1/2"]
[WhiteElo "2314"]
[BlackElo "1816"]
[PlyCount "93"]
[EventDate "2019.07.22"]
[EventType "team-swiss"]
[EventRounds "9"]
[EventCountry "TUR"]
[SourceTitle "CBM 191 Extra"]
[Source "ChessBase"]
[SourceDate "2019.09.30"]
[SourceVersion "1"]
[SourceVersionDate "2019.09.30"]
[SourceQuality "1"]
[WhiteTeam "Ankara Dernegi"]
[BlackTeam "Malatya Yesilyurt"]
[WhiteTeamCountry "TUR"]
[BlackTeamCountry "TUR"]

1. e4 c5 2. Nf3 g6 3. d4 cxd4 4. Qxd4 Nf6 5. Nc3 Nc6 6. Qa4 d6 7. e5 dxe5 8. Nxe5 Bg7 9. Nf3 Bf8 10. Ne5 Bg7 11. Bb5 Bd7 12. Nxc6 bxc6 13. Bxc6 0-0 14. Bxd7 Nxd7 15. 0-0 Nb6 16. Qh4 Rc8 17. Bh6 Bf6 18. Qh3 Re8 19. Rad1 Qc7 20. Rd3 Red8 21. Rfd1 Bxc3 22. bxc3 Rxd3 23. Qxd3 f6 24. Qe4 Kf7 25. Rd3 Qc4 26. Qe2 Rd8 27. a3 Na4 28. Qf3 Rxd3 29. cxd3 Qxc3 30. Qd5+ Ke8 31. h3 Qe1+ 32. Kh2 Qe5+ 33. Qxe5 fxe5 34. Bg7 Nb2 35. Bxe5 Nxd3 36. Bd4 a6 37. Kg3 e5 38. Bb6 Kd7 39. Kg4 Nf4 40. Kf3 Ke6 41. Be3 Nd5 42. Bd2 Nf6 43. Bg5 Nd7 44. Be3 Nf6 45. Ba7 h5 46. g3 Kd5 47. Bb8 1/2-1/2

[Event "TUR-chT 1st League"]
[Site "Konya"]
[Date "2018.07.20"]
[Round "7.7"]
[White "Kuruz, Yusuf"]
[Black "Yildizak, Goksel"]
[Result "1/2-1/2"]
[WhiteElo "1882"]
[BlackElo "1963"]
[PlyCount "69"]
[EventDate "2018.07.16"]
[EventType "team-swiss"]
[EventRounds "9"]
[EventCountry "TUR"]
[SourceTitle "EXT 2019"]
[Source "ChessBase"]
[SourceDate "2018.10.10"]
[SourceVersion "1"]
[SourceVersionDate "2018.10.10"]
[SourceQuality "1"]
[WhiteTeam "Malatya Yesilyurt"]
[BlackTeam "Boranlar Mersin Toyota"]
[WhiteTeamCountry "TUR"]
[BlackTeamCountry "TUR"]

1. c4 Nf6 2. Nf3 g6 3. g3 Bg7 4. Bg2 0-0 5. d4 c6 6. 0-0 d5 7. cxd5 cxd5 8. Nc3 Nc6 9. Ne5 Bf5 10. Bf4 Rc8 11. Qa4 a6 12. Rac1 b5 13. Qxa6 Nxd4 14. e3 Rxc3 15. exd4 Rxc1 16. Rxc1 Qa8 17. Qxa8 Rxa8 18. a3 b4 19. axb4 Ra2 20. Nc6 Bf8 21. Bg5 Rxb2 22. Bxf6 exf6 23. Bxd5 Bxb4 24. Nxb4 Rxb4 25. Bc4 Kf8 26. d5 Rb1 27. Rxb1 Bxb1 28. f3 Ke7 29. d6+ Kxd6 30. Bxf7 Ke7 31. Bg8 g5 32. Kf2 Kf8 33. Bc4 Kg7 34. Ke3 Bf5 35. Bd5 1/2-1/2

[Event "Kahramanmaras op 9th"]
[Site "Kahramanmaras"]
[Date "2018.04.05"]
[Round "4"]
[White "Kuruz, Yusuf"]
[Black "Rahimli, Ilkin Alisaftar"]
[Result "1-0"]
[WhiteElo "1859"]
[BlackElo "2030"]
[PlyCount "109"]
[EventDate "2018.04.03"]
[EventType "swiss"]
[EventRounds "9"]
[EventCountry "TUR"]
[SourceTitle "CBM 183 Extra"]
[Source "ChessBase"]
[SourceDate "2018.04.19"]
[SourceVersion "1"]
[SourceVersionDate "2018.04.19"]
[SourceQuality "1"]

1. c4 e6 2. Nc3 d5 3. d4 c5 4. cxd5 exd5 5. Nf3 Nc6 6. e3 Nf6 7. dxc5 Bxc5 8. Be2 0-0 9. 0-0 Be6 10. b3 Qe7 11. Bb2 a6 12. Rc1 Ba3 13. Bxa3 Qxa3 14. Nd4 Rac8 15. Bf3 Nxd4 16. Qxd4 Rc6 17. Qd2 Qb4 18. Qb2 Rfc8 19. Ne2 Ne4 20. Bxe4 dxe4 21. Nd4 Rc3 22. Rxc3 Qxc3 23. Qxc3 Rxc3 24. h3 Bd5 25. Rd1 Kf8 26. Rd2 g6 27. Kh2 Ke7 28. Kg3 Kf6 29. Ne2 Rd3 30. Rc2 Be6 31. Nd4 a5 32. Kf4 Rd1 33. Nxe6 Kxe6 34. Kxe4 Kd6 35. h4 b5 36. g3 b4 37. Kf3 Ra1 38. Ke2 Kd5 39. Kd3 f5 40. Ke2 Ke4 41. Rd2 Ke5 42. Kf3 h6 43. Rc2 Kd5 44. Kf4 Rf1 45. h5 gxh5 46. Kxf5 Rh1 47. Rd2+ Kc5 48. e4 h4 49. gxh4 Rxh4 50. e5 Rh3 51. f4 Re3 52. e6 h5 53. Kf6 h4 54. e7 h3 55. Kf7 1-0

[Event "TUR-chT 2nd League"]
[Site "Konya"]
[Date "2017.07.23"]
[Round "9.1"]
[White "Kuruz, Yusuf"]
[Black "Yasin, Hur"]
[Result "1/2-1/2"]
[WhiteElo "1906"]
[BlackElo "2022"]
[PlyCount "28"]
[EventDate "2017.07.17"]
[EventType "team-swiss"]
[EventRounds "9"]
[EventCountry "TUR"]
[SourceTitle "CBM 179 Extra"]
[Source "ChessBase"]
[SourceDate "2017.08.23"]
[SourceVersion "1"]
[SourceVersionDate "2017.08.23"]
[SourceQuality "1"]
[WhiteTeam "Malatya Yesilyurt"]
[BlackTeam "Berk Tugra Caliskan"]
[WhiteTeamCountry "TUR"]
[BlackTeamCountry "TUR"]

1. e4 e5 2. Nf3 Nc6 3. Bb5 a6 4. Ba4 Nf6 5. 0-0 Be7 6. Re1 b5 7. Bb3 0-0 8. h3 d6 9. c3 Nb8 10. d4 Nbd7 11. Nbd2 Re8 12. Ng5 Rf8 13. Ngf3 Re8 14. Ng5 Rf8 1/2-1/2

[Event "TUR-chT 2nd League"]
[Site "Konya"]
[Date "2017.07.22"]
[Round "8.2"]
[White "Kuruz, Yusuf"]
[Black "Celik, Berkay"]
[Result "0-1"]
[WhiteElo "1906"]
[BlackElo "1963"]
[PlyCount "130"]
[EventDate "2017.07.17"]
[EventType "team-swiss"]
[EventRounds "9"]
[EventCountry "TUR"]
[SourceTitle "CBM 179 Extra"]
[Source "ChessBase"]
[SourceDate "2017.08.23"]
[SourceVersion "1"]
[SourceVersionDate "2017.08.23"]
[SourceQuality "1"]
[WhiteTeam "Malatya Yesilyurt"]
[BlackTeam "Bulancak Ihsaniye Genclik"]
[WhiteTeamCountry "TUR"]
[BlackTeamCountry "TUR"]

1. c4 Nf6 2. Nf3 e6 3. b3 c5 4. Bb2 b6 5. g3 Bb7 6. Bg2 Be7 7. 0-0 d5 8. Ne5 Nc6 9. e3 Qc7 10. Nxc6 Bxc6 11. Qf3 Rc8 12. d3 0-0 13. Nd2 Rfd8 14. Rfd1 Qb8 15. Qe2 Qb7 16. Nf3 dxc4 17. dxc4 Ng4 18. Rxd8+ Rxd8 19. Rd1 f6 20. Ne1 Nh6 21. Rxd8+ Bxd8 22. Bxc6 Qxc6 23. Qd3 Nf7 24. e4 Qd6 25. f3 Bc7 26. Qxd6 Bxd6 27. Nd3 Kf8 28. Kf2 Ke7 29. Ke3 Nd8 30. e5 Bc7 31. f4 Nc6 32. Ke4 Kf7 33. g4 Ne7 34. Kf3 Kg6 35. h3 f5 36. g5 h6 37. gxh6 Kxh6 38. Ne1 g5 39. Bc1 Kh5 40. Kg3 Ng6 41. Nd3 Bd8 42. Bb2 g4 43. Bc1 Be7 44. Bd2 Nh4 45. Ne1 Ng6 46. Nd3 a5 47. Bc1 Bh4+ 48. Kg2 Ne7 49. Be3 Nc6 50. Bf2 Bxf2 51. Nxf2 Nb4 52. hxg4+ fxg4 53. a4 Nc2 54. Ne4 Kh4 55. Ng5 Nd4 56. Kf2 g3+ 57. Kg2 Kg4 58. Ne4 Ne2 59. f5 Nf4+ 60. Kg1 exf5 61. Nf6+ Kf3 62. e6 Nxe6 63. Nd7 g2 64. Ne5+ Kg3 65. b4 Nd4 0-1

[Event "TUR-chT 2nd League"]
[Site "Konya"]
[Date "2017.07.18"]
[Round "3.1"]
[White "Eren, Baran"]
[Black "Kuruz, Yusuf"]
[Result "1/2-1/2"]
[WhiteElo "2143"]
[BlackElo "1906"]
[PlyCount "41"]
[EventDate "2017.07.17"]
[EventType "team-swiss"]
[EventRounds "9"]
[EventCountry "TUR"]
[SourceTitle "CBM 179 Extra"]
[Source "ChessBase"]
[SourceDate "2017.08.23"]
[SourceVersion "1"]
[SourceVersionDate "2017.08.23"]
[SourceQuality "1"]
[WhiteTeam "Istanbul Moda"]
[BlackTeam "Malatya Yesilyurt"]
[WhiteTeamCountry "TUR"]
[BlackTeamCountry "TUR"]

1. c4 Nf6 2. g3 g6 3. Bg2 Bg7 4. Nc3 0-0 5. d3 c5 6. a3 Nc6 7. Rb1 a5 8. e4 d6 9. Nge2 e5 10. 0-0 Nh5 11. f4 exf4 12. Nxf4 Nxf4 13. Bxf4 Nd4 14. Kh1 Be6 15. Be3 Qd7 16. Bxd4 Bxd4 17. Ne2 Bg4 18. Bf3 Bh3 19. Bg2 Bg4 20. Bf3 Bh3 21. Bg2 1/2-1/2

[Event "Ankara Baskent Univ op 2nd"]
[Site "Ankara"]
[Date "2017.07.01"]
[Round "2"]
[White "Sevdimaliyev, Urfan"]
[Black "Kuruz, Yusuf"]
[Result "1-0"]
[WhiteElo "2353"]
[BlackElo "1886"]
[PlyCount "91"]
[EventDate "2017.06.30"]
[EventType "swiss"]
[EventRounds "9"]
[EventCountry "TUR"]
[SourceTitle "CBM 179 Extra"]
[Source "ChessBase"]
[SourceDate "2017.08.23"]
[SourceVersion "1"]
[SourceVersionDate "2017.08.23"]
[SourceQuality "1"]

1. d4 d5 2. Nf3 Nf6 3. Bf4 c5 4. e3 Nc6 5. c3 Qb6 6. Qb3 c4 7. Qc2 Bf5 8. Qc1 e6 9. h3 h6 10. Nbd2 Be7 11. Be2 0-0 12. 0-0 Rac8 13. Bd1 Qa6 14. Bc2 Bxc2 15. Qxc2 b5 16. a3 Rfd8 17. Rae1 Qb6 18. e4 dxe4 19. Nxe4 Nd5 20. Bd2 a5 21. Ng3 Qc7 22. Qc1 Kh7 23. Nh2 Nf6 24. f4 Bd6 25. Nf3 Ne7 26. Ne5 Rf8 27. f5 exf5 28. Nxf5 Nxf5 29. Rxf5 Bxe5 30. Rexe5 Rce8 31. Bxh6 Rxe5 32. dxe5 gxh6 33. Rxf6 Qxe5 34. Qxh6+ Kg8 35. Rf4 Qe1+ 36. Kh2 Qe5 37. h4 Rd8 38. Kh3 Rd6 39. Rg4+ Rg6 40. Rxg6+ fxg6 41. Qxg6+ Kf8 42. h5 b4 43. h6 Qe3+ 44. g3 bxc3 45. Qf6+ Ke8 46. h7 1-0

[Event "Cesme op 5th"]
[Site "Cesme"]
[Date "2017.06.13"]
[Round "3"]
[White "Kuruz, Yusuf"]
[Black "Ozen, Bahadir"]
[Result "0-1"]
[WhiteElo "1886"]
[BlackElo "2332"]
[PlyCount "68"]
[EventDate "2017.06.12"]
[EventType "swiss"]
[EventRounds "9"]
[EventCountry "TUR"]
[SourceTitle "CBM 178 Extra"]
[Source "ChessBase"]
[SourceDate "2017.06.22"]
[SourceVersion "1"]
[SourceVersionDate "2017.06.22"]
[SourceQuality "1"]

1. d4 g6 2. g3 Bg7 3. Bg2 d6 4. c4 Nf6 5. Nc3 0-0 6. Nf3 c6 7. 0-0 Bf5 8. Nh4 Be6 9. d5 cxd5 10. cxd5 Bd7 11. h3 Na6 12. Be3 Qa5 13. a3 Rfc8 14. b4 Qd8 15. Rc1 Nc7 16. Qd3 Qe8 17. Bd4 Nb5 18. Nxb5 Bxb5 19. Qe3 Bc4 20. Bxa7 Nxd5 21. Bxd5 Bxd5 22. Ng2 e5 23. Bb6 Qe6 24. Kh2 Bc4 25. Ba5 d5 26. f4 d4 27. Qe4 Bd5 28. Rxc8+ Rxc8 29. Qd3 Bxg2 30. Kxg2 b6 31. Bxb6 Qxb6 32. fxe5 Bxe5 33. Qb3 Qb7+ 34. Kh2 Rc3 0-1

[Event "Troya op 23rd"]
[Site "Canakkale"]
[Date "2015.08.13"]
[Round "7"]
[White "Kuruz, Yusuf"]
[Black "Kiremitciyan, Ari"]
[Result "1/2-1/2"]
[WhiteElo "1939"]
[BlackElo "2038"]
[PlyCount "85"]
[EventDate "2015.08.08"]
[EventType "swiss"]
[EventRounds "9"]
[EventCountry "TUR"]
[SourceTitle "CBM 167 Extra"]
[Source "ChessBase"]
[SourceDate "2015.09.14"]
[SourceVersion "1"]
[SourceVersionDate "2015.09.14"]
[SourceQuality "1"]

1. e4 c5 2. Nf3 Nc6 3. d4 cxd4 4. Nxd4 g6 5. c4 Bg7 6. Be3 Nf6 7. Nc3 d6 8. Be2 Nxd4 9. Qxd4 0-0 10. Qd2 Be6 11. f3 Qa5 12. Nd5 Qxd2+ 13. Kxd2 Nxd5 14. cxd5 Bd7 15. Rac1 Rfc8 16. b3 Bb2 17. Rc2 Rxc2+ 18. Kxc2 Ba3 19. Bc1 Rc8+ 20. Kb1 Bxc1 21. Rxc1 f5 22. Rxc8+ Bxc8 23. Kb2 fxe4 24. fxe4 Kg7 25. Kc3 Kf6 26. Kd4 Bd7 27. a3 g5 28. g4 Be8 29. b4 Ba4 30. Bf3 b6 31. Be2 h6 32. Bf3 Bb5 33. Bd1 Bf1 34. Bf3 Ba6 35. Bd1 Bc8 36. Be2 Bd7 37. Bd1 Bc8 38. Be2 Bd7 39. Bd1 Bb5 40. a4 Bd7 41. a5 bxa5 42. bxa5 Bb5 43. Bf3 1/2-1/2

[Event "Skopje Karposh op"]
[Site "Skopje"]
[Date "2015.04.03"]
[Round "9"]
[White "Karatrajkov, Nikola"]
[Black "Kuruz, Yusuf"]
[Result "0-1"]
[WhiteElo "1794"]
[BlackElo "1913"]
[PlyCount "132"]
[EventDate "2015.03.27"]
[EventType "swiss"]
[EventRounds "9"]
[EventCountry "MKD"]
[SourceTitle "CBM 165 Extra"]
[Source "ChessBase"]
[SourceDate "2015.04.21"]
[SourceVersion "1"]
[SourceVersionDate "2015.04.21"]
[SourceQuality "1"]

1. d4 Nf6 2. c4 c6 3. Nc3 d5 4. Qb3 dxc4 5. Qxc4 Na6 6. Nf3 e6 7. g3 Be7 8. Bg2 0-0 9. 0-0 Nd7 10. Rd1 Nb6 11. Qb3 Nd5 12. e4 Nxc3 13. Qxc3 Qb6 14. Be3 Qb4 15. Rac1 Qxc3 16. Rxc3 Nc7 17. Bf4 Nb5 18. Rcd3 Nd6 19. Re1 Nc4 20. d5 Bb4 21. Rc1 exd5 22. exd5 cxd5 23. Rxd5 Nb6 24. Rd4 Be7 25. Bd6 Bxd6 26. Rxd6 Be6 27. b3 Rfd8 28. Rcd1 Rxd6 29. Rxd6 Bd5 30. Nd4 Bxg2 31. Kxg2 Kf8 32. a4 g6 33. a5 Ke7 34. Nb5 Nd7 35. Rd4 Nc5 36. b4 Ne6 37. Rh4 a6 38. Nc3 h5 39. Rc4 Rd8 40. Kf3 f5 41. h4 Kf6 42. Ke3 Ke5 43. Ne2 Kd5 44. Rc1 Ke5 45. Rc4 Rd5 46. Nf4 Nxf4 47. Rxf4 Rd1 48. Rc4 Re1+ 49. Kd3 Rb1 50. Kc2 Rf1 51. Rf4 Kd5 52. Kd2 Kc6 53. Ke2 Rb1 54. Kd3 Kb5 55. Kc3 Rc1+ 56. Kb3 Rb1+ 57. Kc3 Ka4 58. f3 Rb3+ 59. Kd4 Rxb4+ 60. Ke5 Rxf4 61. Kxf4 Kxa5 62. g4 b5 63. gxh5 gxh5 64. Kxf5 b4 65. Kg5 b3 66. Kxh5 b2 0-1

[Event "Skopje Karposh op"]
[Site "Skopje"]
[Date "2015.04.01"]
[Round "7"]
[White "Unuk, Laura"]
[Black "Kuruz, Yusuf"]
[Result "1-0"]
[WhiteElo "2158"]
[BlackElo "1913"]
[PlyCount "55"]
[EventDate "2015.03.27"]
[EventType "swiss"]
[EventRounds "9"]
[EventCountry "MKD"]
[SourceTitle "CBM 165 Extra"]
[Source "ChessBase"]
[SourceDate "2015.04.21"]
[SourceVersion "1"]
[SourceVersionDate "2015.04.21"]
[SourceQuality "1"]

1. Nf3 Nf6 2. c4 c6 3. d4 d5 4. e3 Bf5 5. Nc3 e6 6. Nh4 Bg6 7. Be2 Nbd7 8. 0-0 Ne4 9. Nxg6 hxg6 10. g3 Qg5 11. Nxe4 dxe4 12. f4 Qh6 13. Rf2 0-0-0 14. Qa4 Kb8 15. b4 g5 16. c5 gxf4 17. exf4 Nf6 18. b5 e3 19. Rg2 cxb5 20. Qxb5 Rxd4 21. Bb2 Rd5 22. Be5+ Rxe5 23. fxe5 Nd5 24. Rb1 b6 25. Qc6 Bxc5 26. Ba6 e2+ 27. Kh1 e1Q+ 28. Rxe1 1-0

[Event "Skopje Karposh op"]
[Site "Skopje"]
[Date "2015.03.27"]
[Round "1"]
[White "Todorovic, Goran N"]
[Black "Kuruz, Yusuf"]
[Result "0-1"]
[WhiteElo "2388"]
[BlackElo "1913"]
[PlyCount "102"]
[EventDate "2015.03.27"]
[EventType "swiss"]
[EventRounds "9"]
[EventCountry "MKD"]
[SourceTitle "CBM 165 Extra"]
[Source "ChessBase"]
[SourceDate "2015.04.21"]
[SourceVersion "1"]
[SourceVersionDate "2015.04.21"]
[SourceQuality "1"]

1. Nf3 Nf6 2. c4 c6 3. g3 d5 4. Bg2 dxc4 5. Qc2 g6 6. Qxc4 Bg7 7. d3 0-0 8. 0-0 Be6 9. Qc2 Qc8 10. Re1 Bh3 11. Bh1 Na6 12. a3 Nc7 13. Nbd2 Ne6 14. b4 Qd7 15. Bb2 Bh6 16. Nc4 Ng5 17. Nxg5 Bxg5 18. Bc1 Bxc1 19. Raxc1 Nd5 20. Qd2 Kg7 21. Ne5 Qd6 22. d4 Rad8 23. Red1 Nb6 24. Qc3 f6 25. Nf3 Nd5 26. Qc2 Qe6 27. e4 Nf4 28. Ne1 Nh5 29. d5 cxd5 30. exd5 Qa6 31. Qe4 Qd6 32. Qe3 a6 33. Nd3 Bg4 34. Re1 Rf7 35. Nc5 Bc8 36. Ne6+ Bxe6 37. dxe6 Rff8 38. Bxb7 f5 39. Rc6 Qd5 40. Rc7 Qd6 41. Rc6 Qd5 42. Rb6 Qa2 43. Rxa6 f4 44. Qe5+ Kg8 45. g4 Nf6 46. h3 Rd3 47. Bg2 f3 48. Ra1 Qc4 49. Ra7 fxg2 50. Rxe7 Rxh3 51. f4 Qc2 0-1

[Event "Manavgat Turkey Cup"]
[Site "Manavgat"]
[Date "2015.02.03"]
[Round "6"]
[White "Garabetyan, Arno"]
[Black "Kuruz, Yusuf"]
[Result "1/2-1/2"]
[WhiteElo "2074"]
[BlackElo "1924"]
[PlyCount "60"]
[EventDate "2015.01.31"]
[EventType "swiss"]
[EventRounds "11"]
[EventCountry "TUR"]
[SourceTitle "CBM 164 Extra"]
[Source "ChessBase"]
[SourceDate "2015.03.02"]
[SourceVersion "1"]
[SourceVersionDate "2015.03.02"]
[SourceQuality "1"]

1. d4 d5 2. c4 c6 3. Nf3 Nf6 4. Qb3 dxc4 5. Qxc4 Na6 6. g3 Be6 7. Qa4 Qb6 8. Nbd2 Bd5 9. Bg2 Qb4 10. Qd1 Bxf3 11. Bxf3 Qxd4 12. 0-0 e6 13. Qc2 Qc5 14. Qb3 Qb4 15. a3 Qxb3 16. Nxb3 Nd5 17. Na5 0-0-0 18. e4 Nb6 19. b4 Be7 20. Be3 Bf6 21. Rac1 Nb8 22. e5 Bxe5 23. b5 Rd6 24. Bc5 Rd3 25. Be4 Rc3 26. bxc6 bxc6 27. Bxc6 Nxc6 28. Nxc6 Rxc1 29. Rxc1 Bb8 30. Nxa7+ Kb7 1/2-1/2

[Event "TUR-ch"]
[Site "Kemer"]
[Date "2011.02.06"]
[Round "3"]
[White "Kirali, Mehmet"]
[Black "Kuruz, Yusuf"]
[Result "1-0"]
[WhiteElo "2046"]
[BlackElo "1885"]
[PlyCount "71"]
[EventDate "2011.02.05"]
[EventType "swiss"]
[EventRounds "10"]
[EventCountry "TUR"]
[SourceTitle "CBM 140 Extra"]
[Source "ChessBase"]
[SourceDate "2011.03.01"]
[SourceVersion "1"]
[SourceVersionDate "2011.03.01"]
[SourceQuality "1"]

1. d4 Nf6 2. c4 g6 3. Nc3 Bg7 4. e4 d6 5. f4 0-0 6. Nf3 c5 7. d5 e6 8. Be2 exd5 9. cxd5 Re8 10. e5 dxe5 11. fxe5 Ng4 12. e6 fxe6 13. d6 Bd7 14. 0-0 c4 15. Ne4 b5 16. Nfg5 Qb6+ 17. Kh1 Ne3 18. Bxe3 Qxe3 19. Rf3 Qd4 20. Qxd4 Bxd4 21. Nf6+ Bxf6 22. Rxf6 Nc6 23. Bg4 Ne5 24. Bxe6+ Bxe6 25. Rxe6 Rxe6 26. Nxe6 Kf7 27. Nc7 Rd8 28. Rf1+ Kg8 29. Ne6 Re8 30. Nc5 Nf7 31. d7 Rd8 32. Re1 h5 33. Re8+ Kh7 34. Re7 Kg8 35. Ne6 Rb8 36. Re8+ 1-0